000 00810nam a2200241 i 4500
001 183369
003 ES-MaACL
005 20260217134436.0
008 140409s1910 it |||| | ita d
080 _a821.131.1-14"16"
245 0 0 _aLirici marinisti /
_ca cura di Benedetto Croce.
260 _aBari :
_bGius. Laterza & Figli,
_c1910.
300 _a559 p. ;
_c21 cm.
490 1 _aScrittori d'Italia ;
_v1
530 _aDisponible en formato digital.
650 7 _aPoesía italiana-
_yS.XVII
_9154675
700 1 _aCroce, Benedetto,
_d1866-1952
_9241508
830 1 0 _aScrittori d'Italia
_v1
_9191925
852 _aES-MaACL
_jG-3702
_cDEPO2
856 4 _uhttps://archive.org/details/liricimarinisti00crocuoft/page/n5/mode/2up
_yInternet Archive
942 _2udc
999 _c183369
_d183369